[Event "Elancourt op"]
[Site "Elancourt"]
[Date "2010.04.26"]
[Round "2"]
[White "Besombes, Romain"]
[Black "Durez, Gerard"]
[Result "1/2-1/2"]
[WhiteElo "1746"]
[BlackElo "1628"]
[PlyCount "35"]
[EventDate "2010.04.25"]
[EventType "swiss"]
[EventRounds "9"]
[EventCountry "FRA"]
[SourceTitle "CBM 136 Extra"]
[Source "ChessBase"]
[SourceDate "2010.07.02"]
[SourceVersion "2"]
[SourceVersionDate "2010.07.15"]
[SourceQuality "1"]

1. d4 Nf6 2. c4 g6 3. Nc3 Bg7 4. e4 d6 5. Bd3 c6 6. Nge2 Bd7 7. 0-0 e5 8. d5 0-0 9. Bg5 Qc8 10. f4 Ng4 11. Qd2 f6 12. fxe5 Nxe5 13. Bf4 Na6 14. Rac1 c5 15. Bxe5 fxe5 16. Qg5 Qd8 17. Rxf8+ Bxf8 18. Qxd8 1/2-1/2

[Event "Montigny le Bretonneux-B 8th"]
[Site "Montigny le Bretonneux"]
[Date "2009.10.28"]
[Round "5"]
[White "Besombes, Romain"]
[Black "Clere, Philippe"]
[Result "0-1"]
[WhiteElo "1790"]
[BlackElo "1760"]
[PlyCount "88"]
[EventDate "2009.10.24"]
[EventType "tourn"]
[EventRounds "9"]
[EventCountry "FRA"]
[SourceTitle "EXT 2011"]
[Source "ChessBase"]
[SourceDate "2010.11.26"]
[SourceVersion "1"]
[SourceVersionDate "2010.11.26"]
[SourceQuality "1"]

1. e4 c5 2. c3 Nc6 3. d4 cxd4 4. cxd4 e6 5. Nc3 d5 6. exd5 exd5 7. Nf3 Nf6 8. Bg5 Be7 9. h3 0-0 10. Bd3 Re8 11. 0-0 Be6 12. Bb5 a6 13. Ba4 h6 14. Bh4 b5 15. Bc2 Nd7 16. Bg3 Nf8 17. a3 Rc8 18. Ne2 Qd7 19. b4 Bf5 20. Bxf5 Qxf5 21. Qd2 Nd7 22. Qf4 Qh7 23. Nc3 Nb6 24. Rac1 g5 25. Qd2 Nc4 26. Qa2 Qf5 27. Rfe1 Red8 28. Red1 Bf6 29. Ne5 Bxe5 30. dxe5 d4 31. Nb1 Qe6 32. Nd2 N4xe5 33. Qxe6 fxe6 34. Ne4 Nc4 35. Rd3 e5 36. f3 Kg7 37. Be1 Nb8 38. Nc5 Kf7 39. Ne4 Rc6 40. Bg3 Nd7 41. Re1 Ne3 42. Bf2 Nd5 43. Nc5 Nxc5 44. bxc5 Nf4 0-1

[Event "Montigny le Bretonneux-B 8th"]
[Site "Montigny le Bretonneux"]
[Date "2009.10.26"]
[Round "3"]
[White "Jean, Robert"]
[Black "Besombes, Romain"]
[Result "1-0"]
[WhiteElo "1845"]
[BlackElo "1790"]
[PlyCount "21"]
[EventDate "2009.10.24"]
[EventType "tourn"]
[EventRounds "9"]
[EventCountry "FRA"]
[SourceTitle "EXT 2011"]
[Source "ChessBase"]
[SourceDate "2010.11.26"]
[SourceVersion "1"]
[SourceVersionDate "2010.11.26"]
[SourceQuality "1"]

1. c4 Nf6 2. Nc3 c5 3. Nf3 Nc6 4. d4 cxd4 5. Nxd4 e6 6. e4 Bb4 7. f3 0-0 8. Be3 Qa5 9. Qc2 Bc5 10. Nb3 Nb4 11. Qd1 1-0

[Event "Montigny le Bretonneux-B 8th"]
[Site "Montigny le Bretonneux"]
[Date "2009.10.25"]
[Round "2"]
[White "Besombes, Romain"]
[Black "Duval, Dominique"]
[Result "1/2-1/2"]
[WhiteElo "1790"]
[BlackElo "1825"]
[PlyCount "88"]
[EventDate "2009.10.24"]
[EventType "tourn"]
[EventRounds "9"]
[EventCountry "FRA"]
[SourceTitle "EXT 2011"]
[Source "ChessBase"]
[SourceDate "2010.11.26"]
[SourceVersion "1"]
[SourceVersionDate "2010.11.26"]
[SourceQuality "1"]

1. e4 d5 2. exd5 Qxd5 3. Nc3 Qd8 4. Nf3 Nf6 5. Bc4 Bg4 6. Bxf7+ Kxf7 7. Ne5+ Kg8 8. Nxg4 Qd7 9. Nxf6+ exf6 10. Qf3 c6 11. d3 Na6 12. a3 Nc7 13. 0-0 Ne6 14. Be3 Bd6 15. Ne4 Be5 16. Rab1 Qc7 17. h3 b6 18. c3 Qe7 19. Rfe1 Re8 20. d4 Bc7 21. Ng3 Bxg3 22. fxg3 Qd7 23. Re2 Kf7 24. Rbe1 Rhf8 25. Qh5+ Kg8 26. Bf4 g6 27. Qf3 Kg7 28. Re4 Kf7 29. Qe2 Ng7 30. Rxe8 Rxe8 31. Qc4+ Ne6 32. Kf2 Kg7 33. Re2 b5 34. Qb3 a5 35. Qc2 b4 36. axb4 axb4 37. Qd2 Qd5 38. cxb4 Nxf4 39. gxf4 Rxe2+ 40. Qxe2 Qxd4+ 41. Kg3 Kf7 42. Qf3 Qxb2 43. Qxc6 Qxb4 44. Qd5+ Kg7 1/2-1/2